Statistics for Undertale AU Quiz

Click here to take the quiz!

General Stats

  • This quiz has been taken 46 times
  • The average score is 12 of 15

Answer Stats

HintAnswer% Correct
DestructionErrortale
98%
CreationInktale
98%
Almost everyone is evilUnderfell
98%
He Killed Everyone to Fight CharaDusttale
95%
Everyone is now scarierHorrortale
95%
It’s (AU) gone... and now he’s trying to put it back togetherX-Tale
93%
Mweh heh hehUnderswap
90%
Brother becomes Evil and Negative, and the Other is Good and PositiveDreamtale
88%
Everyone is a God/GoddessReapertale
83%
Everyone is dead but he survivedAftertale
78%
Kills Anything and AnyoneKillertale
75%
Rubber ChickensEpictale
60%
HELP HELP HELPHELP_tale
55%
Everyone is this one person (he is very popular)sanstale
33%
Protagonist Hilariously Breaks the GameUnderpants
15%

Score Distribution

Percentile by Number Answered

Percent of People with Each Score

Your Score History

You have not taken this quiz